Clash of Clans Troops by Movement Speed - Statistics

General Stats
  • This quiz has been taken 16 times
  • The average score is 19 of 26
Answer Stats
Hint Answer % Correct
Barbarian 16
100%
Giant 12
92%
Archer 24
92%
Wall Breaker 24
92%
Goblin 32
92%
Balloon 10
83%
Healer 14
83%
Wizard 16
83%
Dragon 16
83%
P.E.K.K.A 16
83%
Baby Dragon 20
83%
Electro Dragon 13
75%
Miner 32
75%
Minion 32
75%
Yeti 12
67%
Golem 12
67%
Electro Titan 16
67%
Dragon Rider 20
67%
Hog Rider 24
67%
Valkyrie 24
67%
Witch 12
58%
Ice Golem 12
58%
Bowler 14
58%
Lava Hound 20
58%
Headhunter 24
50%
Apprentice Warden 20
42%
No matching quizzes found
Score Distribution
Percent of People with Each Score
Percentile by Number Answered
Your Score History
You have not taken this quiz